Central Library OPAC University of Rajshahi

Dividends under the income tax / (Record no. 2924)

MARC details
000 -LEADER
fixed length control field 00884cam a22002771 4500
001 - CONTROL NUMBER
control field 2924
003 - CONTROL NUMBER IDENTIFIER
rucl marc code BD-RjU
005 - DATE AND TIME OF LATEST TRANSACTION
control field 20211208233638.0
008 - FIXED-LENGTH DATA ELEMENTS--GENERAL INFORMATION
fixed length control field 131217s1962 njua b 001 0 eng
035 ## - SYSTEM CONTROL NUMBER
System control number (BD-RjUL)2952
System control number (OCoLC)253233
040 ## - CATALOGING SOURCE
Original cataloging agency DLC
Transcribing agency ODaWU
Modifying agency OCoLC
-- BD-RjUL
Language of cataloging eng
041 ## - LANGUAGE CODE
Language code of text/sound track or separate title eng
082 ## - DEWEY DECIMAL CLASSIFICATION NUMBER
Classification number 336.24
Author mark and year HOD 1962
100 1# - MAIN ENTRY--PERSONAL NAME
Personal name Holland, Daniel M.
Fuller form of name (Daniel Mark),
Dates associated with a name 1920-
9 (RLIN) 9356
245 10 - TITLE STATEMENT
Title Dividends under the income tax /
Statement of responsibility, etc. Daniel M. Holland
260 ## - PUBLICATION, DISTRIBUTION, ETC. (IMPRINT)
Place of publication, distribution, etc. Princeton :
Name of publisher, distributor, etc. Princeton University Press,
Date of publication, distribution, etc. c1962.
300 ## - PHYSICAL DESCRIPTION
Pagination xvii, 189 p. :
Illustrations ill., diagrs., tables. ;
Size 24 cm.
500 ## - GENERAL NOTE
General note "A study by the National Bureau of Economic Research, New York."
504 ## - BIBLIOGRAPHY, ETC. NOTE
Bibliography, etc Include index.
650 #0 - SUBJECT ADDED ENTRY--TOPICAL TERM
Topical term or geographic name as entry element Dividends
General subdivision Taxation
Geographic subdivision United States.
9 (RLIN) 9358
942 ## - ADDED ENTRY ELEMENTS (KOHA)
Source of classification or shelving scheme Dewey Decimal Classification
Koha item type Books
Holdings
Lost status Source of classification or shelving scheme Damaged status Not for loan Collection code Permanent Location Current Location Shelving location Date acquired Source of acquisition Cost, normal purchase price Total Checkouts Full call number Date last seen Copy number Koha item type
  Dewey Decimal Classification   Not For Loan Non-fiction Central Library, University of Rajshahi Central Library, University of Rajshahi Reading Room 28/07/2064 Zitlinger 36.00   336.24 HOD 1962 17/12/2013 C-1 Books
  Dewey Decimal Classification     Non-fiction Central Library, University of Rajshahi Central Library, University of Rajshahi   28/07/2064 Zitlinger 36.00   336.24 HOD 1962 17/12/2013 C-2 Books